000 01011cam a22003014a 4500
999 _c9100
_d9100
001 65201351
003 OCoLC
005 20241126110705.0
008 060321m20069999miua b 001 0 eng
010 _a2006009724
020 _a0801027039 (pbk.)
020 _a9780801027031 (pbk.)
024 3 _a9780801027031
040 _aDLC
_cDLC
_dBAKER
_dC#P
_dBSC
042 _apcc
082 _a221.7
_bBAK
092 _a223.2077
_bG619p
100 1 _aGoldingay, John.
_97397
245 1 0 _aPsalms /
_cJohn Goldingay.
260 _aGrand Rapids, Mich. :
_bBaker Academic,
_cc2006-
300 _av. :
_bill. ;
_c24 cm.
440 0 _aBaker commentary on the Old Testament wisdom and Psalms
_915563
504 _aIncludes bibliographical references and indexes.
505 1 _av. 1. Psalms 1-41. -- v. 2. Psalms 42-89. -- v. 3. Psalms 90-150.
630 0 0 _aBible.
_pO.T.
_pPsalms
_vCommentaries.
_915865
856 4 1 _3Table of contents only
_uhttp://www.loc.gov/catdir/toc/ecip0611/2006009724.html
942 _2ddc
_cREF